Geodetic problems in Shoran.

Saved in:
Bibliografiske detaljer
Hovedforfatter: Ross, J E R.
Format: Bog
Sprog:English
Udgivet: Ottawa : E. Cloutier, 1949.
Serier:Publication (Geodetic Survey of Canada) ; no. 76.
Fag:
LEADER 00864nam a2200229u 4500
001 c000187315
003 CARM
005 20050428194508.0
008 740322s1949 |||| ||eng c
019 1 |a 26987715  |5 LACONCORD2021 
035 |a (OCoLC)839078  |5 LACONCORD2021 
040 |a VU  |b eng  |d CStRLIN  |d VU 
100 1 |a Ross, J E R. 
245 1 0 |a Geodetic problems in Shoran. 
260 |a Ottawa :  |b E. Cloutier,  |c 1949. 
300 |a 89 p. :  |b diagrs., tables ;,  |c 26 cm. 
490 1 |a Geodetic survey of Canada. Publication ;  |v no.76. 
650 0 |a Geodesy  |z Canada. 
830 0 |a Publication (Geodetic Survey of Canada) ;  |v no. 76. 
852 8 |b CARM  |h A2:AO22C0  |i C06979  |p 0250808  |f BK 
999 f f |i 902adf87-0999-5bec-82f4-1c1704e5179f  |s 973e1a84-1ca7-5500-ae97-767c8a1732e6 
952 f f |p Can circulate  |a CAVAL  |b CAVAL  |c CAVAL  |d CARM 1 Store  |e C06979  |f A2:AO22C0  |h Other scheme  |i book  |m 0250808